000 00292nam a2200109Ia 4500
008 200302s9999 xx 000 0 und d
100 _aTony Rogers
245 _aConfrences and convntions a Global indstry 3rd d
260 _bTaylor and Francis Group Publishing
260 _c2013
300 _a422
999 _c6436
_d6436